000 00690nam a22002057a 4500
999 _c20261
_d20261
003 AR-CdUCM
008 190528b ||||| |||| 00| 0 spa d
040 _aMUNICIPALIDAD PROVINCIAL DEL CUSCO
_cBIBLIOTECA MUNICIPAL DEL CUSCO
082 _a869.03 /
_bD75
100 _aDiez Canseco, José
_98262
245 _aSuzy /
260 _aPerú :
_bPerugraph,
_c1979.
300 _a84 páginas ;
_c21 cm.
505 _aContenido: Perfil humana de José Diez-Canseco -- Suzy -- Repartición de premios...
650 _aLiteratura peruana
_9169
650 _aNovela peruana
_91234
700 _aGuzmán, Eliseo (carátula, diagramación, y artes)
_942345
942 _2ddc
_cLIBROS
945 _aAndy